| 000 | 02396nam a2200445 a 4500 | ||
|---|---|---|---|
| 001 | 991052445259706706 | ||
| 003 | ES-BaIT | ||
| 005 | 20260401123614.0 | ||
| 008 | 970915s1806 spc|||||| 000 ||spa|c | ||
| 026 |
_et.i. dei- enu- díen 3 [1806?] Q _2fei |
||
| 035 | _a(ES-BaCBU).b38523942 | ||
| 035 | _a(OCoLC)1044418668 | ||
| 040 |
_aES-BaCBU _bcat _cES-BaCBU |
||
| 080 | _a850-2"18" | ||
| 100 |
_aRonzi, Gaspare _997631 |
||
| 245 | 1 | 4 |
_aLos Antiguos esclavones, ó, Las bodas de los morlacos : _bbayle pantomimo en tres actos : de la composicion del Sr. Gaspar Ronzi |
| 246 | 3 | _aLas Bodas de los morlacos | |
| 246 | 3 | _aBaile pantomimo en tres actos | |
| 260 |
_a[Barcelona] : _bpor Francisco Generas, _c[ca. 1806] |
||
| 300 |
_a24 p.; _c15 cm |
||
| 500 | _aA portada: Para executarse en el Teatro de la M. I. ciudad de Barcelona en el verano del año de 1806 | ||
| 500 | _aLloc obtingut a partir del nom de l'impressor | ||
| 500 | _aData aprox. deduïda de l'any de representació de l'obra | ||
| 500 | _aSignatures: []4, **8 | ||
| 500 | _aP9: D2, H7 i altres | ||
| 500 | _aInclou repartiment | ||
| 530 | _aReproducció digital disponible a Biblioescènic | ||
| 593 |
_bVIT-059/06 _cEnquadernació holandesa amb puntes, en color blau, guardes marbrejades. Anotació numèrica "37?" a l'angle superior dret de la portada. Exemplar guillotinat. Etiqueta d'antic topogràfic Vitrina A Estante 2 en full de guarda volant anterior. Relligat en volum factici, títol al llom: Entremeses raros VI _fEx-libris de la Colección teatral Arturo Sedó a la contracoberta anterior. Segell de la Colección teatral Arturo Sedó a portada. Llistat manuscrit al full de guarda anterior de les obres que conté el volum _gExemplar digitalitzat per Crossland, 2022 _hArtur Sedó |
||
| 650 | 0 |
_aPantomima _xArguments, trames, etc _997633 |
|
| 700 | 1 |
_aGeneras, Francesc, _d1754-aproximadament 1821 _966023 |
|
| 730 | 0 |
_aCol·lecció digital Biblioescènic del MAE _969172 |
|
| 752 |
_aCatalunya _dBarcelona |
||
| 856 | 4 | 1 |
_zAccés lliure (Biblioescènic) _uhttps://books.cdmae.cat/visorpdf/?recurs=SV0059-06 |
| 856 | 4 | 2 |
_zFitxa del catàleg manual _uhttps://www.cdmae.cat/sedo/imgtitulos/005/P0000561.gif |
| 902 | _aPatrimoni | ||
| 902 | _aFons antic | ||
| 907 |
_a.b38523942 _b23-06-21 _c13-05-08 _d15-09-97 _em _fa _gp _hspa _ispc _j4 _k2 |
||
| 908 |
_aBPEB _aCDMAE |
||
| 942 |
_2udc _cDIGITAL |
||
| 999 |
_c137344 _d137344 |
||